Bereshit - Le Quizz - Statistiques

Statistiques générales
  • Ce quiz a été pris 4 fois
  • Le résultat moyen est 11 sur 15
Statistiques - réponses
Hint Réponse % Correct
Combien d'applaudissements séparent "Il y a qu'une colo" de "C'est Bereshit"? 4
100%
De quel mouvement international Bereshit représente-t-il la branche française? BBYO
100%
Qui a remporté 3 années de suite les Maccabiades (en tant que mono) Sacha Benguigui
100%
Lors de quelle soirée peut-on réaliser "Les courriers du coeur" ? Soirée Casino
100%
Comment s'appelle la tranche d'âge des plus petits à Bereshit ? Teenies
100%
En quelle année a été crée Bereshit ? 2017
67%
Quelle sortie est quémandée par tous depuis des années, qui n'a toujours pas été réalisée ? Aqua-poney
67%
À quel moment les enfants ont le droit au téléphone pendant la journée? Au temps des douches
67%
Dans quelle ville se trouve le local de Bereshit ? Boulogne-Billancourt
67%
De qui veut-on voir sa danse à lui ? Chaï Go
67%
Comment s'appelle le concours d'éloquence de Bereshit ? Eloquentia
67%
Bereshit à Grenoble c'est le dawa, quand on arrive c'est la ...? Guerilla
67%
Comment s'appellait le séjour de 4 jours réalisé en octobre 2024 ? Nos 4 Jours Heureux
67%
De quelle forme sont les affiches des équipes à l'annonce des résultats des Maccabiades ? Rondes
67%
Quelle équipe a terminé dernier aux Maccabiades 2023? Artémis (Hersz et Noa)
33%
Aucun quiz correspondant
Distribution des résultats
% des personnes avec chaque résultat
Percentile par nombre de réponses
Votre historique - résultats
Vous n’avez pas pris ce quiz